000 00280nam a22001217a 4500
999 _c12843
_d12843
020 _a9780812018141
082 _a510.276
100 _aJames J. Rizzuto
245 _aHow to Prepare for SAT II: Mathematics Level 1
250 _a6th
260 _aUSA
_bBarrons
_c1994
942 _cBK